Online Catalogue and eLibrary

Miriguwa saha thawath ketikatha (Record no. 5275)

MARC details
000 -LEADER
fixed length control field 00473nam a2200157Ia 4500
005 - DATE AND TIME OF LATEST TRANSACTION
control field 20250310044024.0
008 - FIXED-LENGTH DATA ELEMENTS--GENERAL INFORMATION
fixed length control field 240331s9999 xx 000 0 und d
020 ## - INTERNATIONAL STANDARD BOOK NUMBER
ISBN 9556522657
082 ## - DDC Classification
Item Number - Author Mark SIV
Class No. 808
100 ## - MAIN ENTRY--PERSONAL NAME
Personal name Sivasubramaniam,M
245 #0 - TITLE STATEMENT
Title Miriguwa saha thawath ketikatha
260 ## - PUBLICATION, DISTRIBUTION, ETC.
Place of publication, distribution, etc. Mulleriyawa
Name of publisher, distributor, etc. Vijasooriya krantakendiraiya
Date of publication, distribution, etc. 2005
300 ## - PHYSICAL DESCRIPTION
Extent (e.g. Volumes, Pages etc.) 100 p .,
500 ## - GENERAL NOTE
General note Short Stories written by a girl aged 14 to 19 above her self and her surrounding
942 ## - Koha item type (Biblio)
Koha item type Books in Stacks (Lending)
Holdings
Lost status Damaged status Collection code Home library Current library Shelving location Date acquired Full call number Accession Number Item type
    Lending WERC Library WERC Library Social Science Cupboard 03/31/2024 808.831 SIV 5749 Books in Stacks (Lending)

© WERC Library